Inovácie a nové technológie v logistike
Výhľady inovácií v logistike. Pozornosť je venovaná riadeniu informačného toku. Využitie informačných a komunikačných technológií sa prejavuje vo zvýšenej pružnosti v logistických činnostiach.
Uložené v:
| Hlavný autor: | |
|---|---|
| Médium: | Kapitola |
| Jazyk: | Slovak |
| Predmet: | |
| Tagy: |
Žiadne tagy, Buďte prvý, kto otaguje tento záznam!
|
MARC
| LEADER | 00000naa$a2200000$$$4500 | ||
|---|---|---|---|
| 001 | 0102902 | ||
| 005 | 20240522074732.8 | ||
| 041 | 0 | |a slo | |
| 044 | |a SK | ||
| 245 | 1 | 0 | |a Inovácie a nové technológie v logistike |c Mária Dzurová |
| 520 | |a Výhľady inovácií v logistike. Pozornosť je venovaná riadeniu informačného toku. Využitie informačných a komunikačných technológií sa prejavuje vo zvýšenej pružnosti v logistických činnostiach. | ||
| 610 | 2 | 0 | |a inovácia |
| 610 | 2 | 0 | |a logistika |
| 610 | 2 | 0 | |a informácie |
| 610 | 2 | 0 | |a technológie nové |
| 100 | 1 | |a Dzurová, Mária | |